Italian Design

Gespeichert in:
Bibliographische Detailangaben
1. Verfasser: Bornsen-Holtmann, Nina (Verfasst von)
Format: Buch
Sprache:Deutsch
Veröffentlicht: Koln : Taschen, 1994
Schlagworte:
Tags: Tag hinzufügen
Keine Tags, Fügen Sie das erste Tag hinzu!

MARC

LEADER 00000nam a22000003a 4500
001 stu13612
005 20150617225700.5
008 960708s1994----gw------------------ger-d
040 |a STU  |b slo 
041 0 |a ger 
044 |a gw 
100 1 |a Bornsen-Holtmann, Nina  |4 aut 
245 1 |a Italian Design 
260 |a Koln :  |b Taschen,  |c 1994 
300 |a nestr 
650 7 |a dizajn  |2 stusub 
996 |b 284AU02441  |c A*2343 U  |l AAKNAR  |s A  |a 24  |w stu13612_0001